| 000 | 00511nam a2200169 i 4500 | ||
|---|---|---|---|
| 001 | 101136 | ||
| 003 | ES-MaACL | ||
| 005 | 20230906182827.0 | ||
| 007 | t| | ||
| 008 | 051013s1909 fr |||| |bfre d | ||
| 100 | 1 |
_aMauget, Irénée. _979189 |
|
| 245 | 1 | 2 |
_aL'Impératrice Eugenie / _cIrénée Mauget. |
| 260 |
_aParis : _b[s.n.], _c1909 ( _fLa seneuse) |
||
| 300 |
_a286 p. ; _c19 cm. |
||
| 600 | 0 | 4 |
_aEugenia _cEmperatriz consorte de Napoleón III, Emperador de Francia. _948322 |
| 852 |
_aES-MaACL _jF-8173 |
||
| 999 |
_c101136 _d101136 |
||